Convergence : a college textbook in contemporary world / Dennis C. Coronacion, PhD, Froilan C. Calilung, PhD. (Record no. 20506)

000 -LEADER
fixed length control field 00594nam a22001697a 4500
020 ## - INTERNATIONAL STANDARD BOOK NUMBER
ISBN 9786214091089
082 ## - DEWEY DECIMAL CLASSIFICATION NUMBER
Classification number 361
Item number C8221 2018
100 ## - MAIN ENTRY--AUTHOR NAME
Personal name Coronacion, Dennis C., author.
245 ## - TITLE STATEMENT
Title Convergence : a college textbook in contemporary world / Dennis C. Coronacion, PhD, Froilan C. Calilung, PhD.
260 ## - PUBLICATION, DISTRIBUTION, ETC. (IMPRINT)
Place of publication Mandaluyong City :
Name of publisher Books Atbp. Publishing Corp.,
Year of publication ©2018.
300 ## - PHYSICAL DESCRIPTION
Number of Pages x, 259 pages :
Other physical details illustrations ; 25 cm.
500 ## - GENERAL NOTE
General note Includes bibliographical references.
650 ## - SUBJECT ADDED ENTRY--TOPICAL TERM
Topical Term Globalization.
650 ## - SUBJECT ADDED ENTRY--TOPICAL TERM
Topical Term World economics.
700 ## - ADDED ENTRY--PERSONAL NAME
Personal name Calilung, Froilan C.
942 ## - ADDED ENTRY ELEMENTS (KOHA)
Koha item type Books
Holdings
Source of acquisition Permanent Location Date acquired Koha item type Collection code Accession Number Lost status Shelving location Withdrawn status Current Location Full call number
SchoolCagayan State University - Carig Library2025-05-21BooksSocial Sciences010791 General Collection Cagayan State University - Carig Library361 C8221 2018
SchoolCagayan State University - Carig Library2025-05-21BooksSocial Sciences010792 General Collection Cagayan State University - Carig Library361 C8221 2018
SchoolCagayan State University - Carig Library2025-05-21BooksSocial Sciences010793 General Collection Cagayan State University - Carig Library361 C8221 2018

Cagayan State University University Library, Carig Campus
Tuguegarao City, Cagayan 3500 | www.csucarig.edu.ph

Powered by Koha